Tajemství evropských liberalizací

Liberalizácia poštových služieb v Európe. Aké výhody priniesla liberalizácia poštového trhu v krajinách, kde už prebehla. Fínsko, Švédsko - dominancia národných operátorov. Poštový trh v Anglicku. Liberalizácia pošty v Českej republike.

Salvato in:
Dettagli Bibliografici
Autore principale: Švadlenka, Libor
Natura: Capitolo di libro
Lingua:ceco
Soggetti:
Tags: Aggiungi Tag
Nessun Tag, puoi essere il primo ad aggiungerne!!

MARC

LEADER 00000naa$a2200000$$$4500
001 0073952
005 20230720093541.8
041 0 |a cze 
044 |a CZ 
245 1 0 |a Tajemství evropských liberalizací  |c Libor Švadlenka 
520 |a Liberalizácia poštových služieb v Európe. Aké výhody priniesla liberalizácia poštového trhu v krajinách, kde už prebehla. Fínsko, Švédsko - dominancia národných operátorov. Poštový trh v Anglicku. Liberalizácia pošty v Českej republike. 
610 2 0 |a pošty 
610 2 0 |a služby poštové 
610 2 0 |a zásielky poštové 
610 2 0 |a liberalizácia 
610 2 0 |a Európska únia 
100 1 |a Švadlenka, Libor